| 000 | 00654nam a22001937a 4500 | ||
|---|---|---|---|
| 005 | 20180814105812.0 | ||
| 010 | _aENG-123724 | ||
| 020 |
_a9780199482542 _c500.00 |
||
| 035 | _aEN-107256 | ||
| 037 | _bDBAD/PUB | ||
| 082 | _a230.95452 | ||
| 100 | _aChakrabarti, Kunal | ||
| 245 |
_aReligious process: _cby Kunal Chakrabarti _bthe puranas and the making of regional tradition / |
||
| 260 |
_c2018 _aNew Delhi _bOxford University Press |
||
| 270 |
_aYMCA Library Building, 1 Jai Singh Road, _bNew Delhi _e110001 |
||
| 300 |
_c22cm(pbk) _ax,367p. |
||
| 500 | _aIt include bibliography and index | ||
| 942 |
_cEN _2ddc _mCHA _h230.95452 |
||
| 999 |
_c155864 _d155864 |
||